[Event "WchT Seniors 50"]
[Site "Struga"]
[Date "2023.09.20"]
[Round "2.1"]
[White "Denk, Adolf"]
[Black "Plotkin, Victor"]
[Result "0-1"]
[WhiteElo "2186"]
[BlackElo "2193"]
[PlyCount "82"]
[EventDate "2023.09.19"]
[EventType "team-swiss"]
[EventRounds "9"]
[EventCountry "MKD"]
[SourceTitle "EXT 2024"]
[Source "ChessBase"]
[SourceDate "2023.10.10"]
[SourceVersion "1"]
[SourceVersionDate "2023.10.10"]
[SourceQuality "1"]
[WhiteTeam "Austria 50"]
[BlackTeam "Canada 50"]
[WhiteTeamCountry "AUT"]
[BlackTeamCountry "CAN"]

1. d4 Nf6 2. Nf3 d5 3. c4 e6 4. g3 Be7 5. Bg2 0-0 6. Qc2 Nbd7 7. cxd5 exd5 8. Nc3 c6 9. 0-0 Re8 10. Rb1 a5 11. a3 Nb6 12. Bg5 Nc4 13. Bxf6 Bxf6 14. e4 dxe4 15. Nxe4 Nd6 16. Nxf6+ Qxf6 17. Rbe1 Be6 18. Re3 Red8 19. Rd1 a4 20. Qc1 h6 21. Ne5 Nf5 22. Rf3 Nxd4 23. Re3 Bb3 24. Rdd3 Nf5 25. Rxd8+ Rxd8 26. Re1 Nd4 27. f4 Qd6 28. Qc3 Nc2 29. Re2 Qd4+ 30. Qxd4 Nxd4 31. Re1 f6 32. Nf3 Kf7 33. Nxd4 Rxd4 34. Bf3 Bd5 35. Bxd5+ cxd5 36. Re2 Re4 37. Rc2 Rc4 38. Re2 g5 39. fxg5 hxg5 40. Kf2 g4 41. Ke1 Re4 0-1

[Event "WchT Seniors 50"]
[Site "Struga"]
[Date "2023.09.19"]
[Round "1.1"]
[White "Krstevska, Mare"]
[Black "Denk, Adolf"]
[Result "1/2-1/2"]
[WhiteElo "1598"]
[BlackElo "2186"]
[PlyCount "78"]
[EventDate "2023.09.19"]
[EventType "team-swiss"]
[EventRounds "9"]
[EventCountry "MKD"]
[SourceTitle "EXT 2024"]
[Source "ChessBase"]
[SourceDate "2023.10.10"]
[SourceVersion "1"]
[SourceVersionDate "2023.10.10"]
[SourceQuality "1"]
[WhiteTeam "Macedonia 50 (W)"]
[BlackTeam "Austria 50"]
[WhiteTeamCountry "MKD"]
[BlackTeamCountry "AUT"]

1. d4 Nf6 2. Nf3 g6 3. c4 Bg7 4. Nc3 d5 5. e3 0-0 6. b3 c6 7. Bd3 Bf5 8. 0-0 Nbd7 9. Bb2 Bxd3 10. Qxd3 e6 11. Rac1 Qa5 12. a3 Rfd8 13. Rfd1 a6 14. b4 dxc4 15. Qxc4 Qf5 16. Qe2 g5 17. e4 Qg6 18. e5 Nd5 19. Nxd5 exd5 20. Re1 Re8 21. Qd2 h6 22. h3 Re6 23. Re2 Kh8 24. g4 Rae8 25. Rce1 Nf8 26. Kg2 f6 27. exf6 Bxf6 28. Ne5 Bxe5 29. dxe5 Qg7 30. f4 gxf4 31. Qxf4 Ng6 32. Qg3 Rf8 33. Rf1 Rxf1 34. Kxf1 Qe7 35. Ke1 Qh4 36. Qxh4 Nxh4 37. Kf2 Kh7 38. Kg3 Ng6 39. h4 Nf8 1/2-1/2

[Event "EU-chT Seniors 50"]
[Site "Dresden"]
[Date "2022.11.01"]
[Round "6.2"]
[White "Arkell, Keith C"]
[Black "Denk, Adolf"]
[Result "1-0"]
[WhiteElo "2413"]
[BlackElo "2214"]
[PlyCount "77"]
[EventDate "2022.10.27"]
[EventType "team-swiss"]
[EventRounds "9"]
[EventCountry "GER"]
[SourceTitle "EXT 2024"]
[Source "ChessBase"]
[SourceDate "2023.10.10"]
[SourceVersion "1"]
[SourceVersionDate "2023.10.10"]
[SourceQuality "1"]
[WhiteTeam "England 50"]
[BlackTeam "Austria 50"]
[WhiteTeamCountry "ENG"]
[BlackTeamCountry "AUT"]

1. d4 Nf6 2. Nf3 e6 3. c4 b6 4. g3 Bb7 5. Bg2 Bb4+ 6. Bd2 Bxd2+ 7. Qxd2 d6 8. Nc3 Nbd7 9. 0-0 0-0 10. d5 e5 11. b4 Qe7 12. e4 Rfc8 13. Rfc1 a5 14. a3 axb4 15. axb4 Rxa1 16. Rxa1 Ra8 17. Rxa8+ Bxa8 18. Qa2 Qd8 19. Bh3 Bb7 20. Nd2 Qb8 21. Qa4 Bc8 22. Bf1 Kf8 23. Nb5 Bb7 24. Bh3 c6 25. Na7 b5 26. Qa5 cxd5 27. cxd5 Qa8 28. Bxd7 Nxd7 29. Qc7 Nf6 30. Qxd6+ Kg8 31. Nxb5 h5 32. Qxe5 Qa2 33. Nf3 Ng4 34. Qe8+ Kh7 35. Ng5+ Kg6 36. Qxf7+ Kh6 37. Nd6 Bc8 38. Qf4 Ba6 39. Ndf7+ 1-0

[Event "EU-chT Seniors 50"]
[Site "Dresden"]
[Date "2022.10.30"]
[Round "4.2"]
[White "Mrva, Martin"]
[Black "Denk, Adolf"]
[Result "1-0"]
[WhiteElo "2379"]
[BlackElo "2214"]
[PlyCount "63"]
[EventDate "2022.10.27"]
[EventType "team-swiss"]
[EventRounds "9"]
[EventCountry "GER"]
[SourceTitle "EXT 2024"]
[Source "ChessBase"]
[SourceDate "2023.10.10"]
[SourceVersion "1"]
[SourceVersionDate "2023.10.10"]
[SourceQuality "1"]
[WhiteTeam "Slovakia 50"]
[BlackTeam "Austria 50"]
[WhiteTeamCountry "SVK"]
[BlackTeamCountry "AUT"]

1. e4 c5 2. Nf3 Nc6 3. d4 cxd4 4. Nxd4 Nf6 5. Nc3 d6 6. Bg5 e6 7. Qd2 a6 8. 0-0-0 Qc7 9. Nxc6 bxc6 10. f4 Be7 11. g4 h6 12. Bh4 g5 13. e5 Nd5 14. fxg5 Qa5 15. Bg2 Bd7 16. exd6 Bxd6 17. Bg3 Bc5 18. Bxd5 cxd5 19. Be5 Rg8 20. gxh6 0-0-0 21. h7 Rh8 22. Qh6 Bf8 23. Qh5 f6 24. Bxf6 Bc5 25. Kb1 Bc6 26. Qf7 d4 27. Bxh8 Rxh8 28. Qg8+ Qd8 29. Qxe6+ Kb7 30. Ne4 Bb6 31. Nd6+ Ka7 32. Nf7 1-0

[Event "WchT Seniors 50"]
[Site "Prague"]
[Date "2020.03.09"]
[Round "4.12"]
[White "Svanda, Pavel"]
[Black "Denk, Adolf"]
[Result "1/2-1/2"]
[WhiteElo "2074"]
[BlackElo "2224"]
[PlyCount "58"]
[EventDate "2020.03.06"]
[EventType "team-swiss"]
[EventRounds "7"]
[EventCountry "CZE"]
[SourceTitle "CBM 195 Extra"]
[Source "ChessBase"]
[SourceDate "2020.05.31"]
[SourceVersion "1"]
[SourceVersionDate "2020.05.31"]
[SourceQuality "1"]
[WhiteTeam "Czech Republic 50 VIII"]
[BlackTeam "Austria 50"]
[WhiteTeamCountry "CZE"]
[BlackTeamCountry "AUT"]

1. e4 c5 2. Nf3 d6 3. Bc4 Nf6 4. d3 e6 5. 0-0 Be7 6. Re1 Nc6 7. c3 0-0 8. Bb3 e5 9. Nbd2 Rb8 10. Nf1 Be6 11. Bc2 Qc7 12. Qe2 b5 13. Ng5 Bg4 14. f3 Bd7 15. f4 exf4 16. Bxf4 Ne5 17. Ne3 h6 18. Nf3 Be6 19. h3 Rfe8 20. Bg3 b4 21. Nxe5 dxe5 22. d4 cxd4 23. cxd4 Bd6 24. d5 Bd7 25. Kh1 Bb5 26. Qf3 Bf8 27. Rac1 Qd7 28. Bh4 Nh7 29. Bb1 Rbc8 1/2-1/2

[Event "WchT Seniors 50"]
[Site "Rhodes"]
[Date "2019.04.20"]
[Round "5.5"]
[White "Denk, Adolf"]
[Black "Garbarino, Rodolfo"]
[Result "1/2-1/2"]
[WhiteElo "2255"]
[BlackElo "2335"]
[PlyCount "23"]
[EventDate "2019.04.16"]
[EventType "team-swiss"]
[EventRounds "9"]
[EventCountry "GRE"]
[SourceTitle "CBM 190 Extra"]
[Source "ChessBase"]
[SourceDate "2019.07.15"]
[SourceVersion "1"]
[SourceVersionDate "2019.07.15"]
[SourceQuality "1"]
[WhiteTeam "Austria"]
[BlackTeam "Argentina"]
[WhiteTeamCountry "AUT"]
[BlackTeamCountry "ARG"]

1. c4 e6 2. Nc3 d5 3. cxd5 exd5 4. d4 c6 5. Nf3 Bd6 6. g3 Nf6 7. Bg2 0-0 8. 0-0 Re8 9. Bf4 Bxf4 10. gxf4 Qd6 11. e3 Bf5 12. Ne5 1/2-1/2

[Event "WchT Seniors 50"]
[Site "Dresden"]
[Date "2018.07.14"]
[Round "8.5"]
[White "Denk, Adolf"]
[Black "Kempter, Ronald"]
[Result "1-0"]
[WhiteElo "2262"]
[BlackElo "2233"]
[PlyCount "93"]
[EventDate "2018.07.07"]
[EventType "team-swiss"]
[EventRounds "9"]
[EventCountry "GER"]
[SourceTitle "CBM 185 Extra"]
[Source "ChessBase"]
[SourceDate "2018.07.29"]
[SourceVersion "1"]
[SourceVersionDate "2018.07.29"]
[SourceQuality "1"]
[WhiteTeam "Austria"]
[BlackTeam "Groebenzell"]
[WhiteTeamCountry "AUT"]
[BlackTeamCountry "GER"]

1. d4 Nf6 2. Nf3 g6 3. g3 Bg7 4. Bg2 0-0 5. 0-0 c5 6. c4 cxd4 7. Nxd4 Nc6 8. Nc3 d6 9. Nxc6 bxc6 10. Bxc6 Rb8 11. Bg2 Qa5 12. Qa4 Qxa4 13. Nxa4 Bd7 14. Nc3 Rfc8 15. b3 Bc6 16. Bd2 Bxg2 17. Kxg2 Nd7 18. Rac1 Nc5 19. Rc2 Ne6 20. Nd5 Kf8 21. Be3 Nd4 22. Rd2 Nc6 23. Rc1 a5 24. c5 Nb4 25. Nxb4 axb4 26. Rc4 Bc3 27. Rd3 dxc5 28. Bxc5 Ke8 29. a4 Rc6 30. Ba7 Rxc4 31. Bxb8 Rc8 32. Ba7 f5 33. f4 Be1 34. Rd1 Bc3 35. Kf3 Bb2 36. Bb6 Rb8 37. a5 Ra8 38. Ke3 e6 39. Kd3 Rc8 40. Ke3 Ra8 41. Rd6 Bc3 42. Kd3 Ke7 43. Rc6 h5 44. Kc4 Kd7 45. Rc7+ Kd6 46. Kb5 Bd2 47. a6 1-0

[Event "WchT Seniors 50"]
[Site "Dresden"]
[Date "2018.07.12"]
[Round "6.4"]
[White "Denk, Adolf"]
[Black "Chan, Peng Kong"]
[Result "1/2-1/2"]
[WhiteElo "2262"]
[BlackElo "2158"]
[PlyCount "49"]
[EventDate "2018.07.07"]
[EventType "team-swiss"]
[EventRounds "9"]
[EventCountry "GER"]
[SourceTitle "CBM 185 Extra"]
[Source "ChessBase"]
[SourceDate "2018.07.29"]
[SourceVersion "1"]
[SourceVersionDate "2018.07.29"]
[SourceQuality "1"]
[WhiteTeam "Austria"]
[BlackTeam "Temasek Knights"]
[WhiteTeamCountry "AUT"]
[BlackTeamCountry "SIN"]

1. c4 e6 2. Nf3 Nf6 3. d4 d5 4. Bg5 Bb4+ 5. Nc3 Nbd7 6. e3 c5 7. Bxf6 Nxf6 8. cxd5 exd5 9. Bb5+ Bd7 10. Bxd7+ Qxd7 11. dxc5 0-0 12. Qb3 Bxc5 13. Rd1 Rfd8 14. 0-0 Qe6 15. Ne2 Qb6 16. Qxb6 Bxb6 17. Rc1 Rac8 18. Rfd1 g6 19. Kf1 Kf8 20. Rxc8 Rxc8 21. Nc3 Rd8 22. Ke2 Ke7 23. h3 h5 24. Rd3 a6 25. Na4 1/2-1/2

[Event "WchT Seniors 50"]
[Site "Dresden"]
[Date "2018.07.11"]
[Round "5.7"]
[White "Jhunjhnuwala, Naresh"]
[Black "Denk, Adolf"]
[Result "1/2-1/2"]
[WhiteElo "2164"]
[BlackElo "2262"]
[PlyCount "88"]
[EventDate "2018.07.07"]
[EventType "team-swiss"]
[EventRounds "9"]
[EventCountry "GER"]
[SourceTitle "CBM 185 Extra"]
[Source "ChessBase"]
[SourceDate "2018.07.29"]
[SourceVersion "1"]
[SourceVersionDate "2018.07.29"]
[SourceQuality "1"]
[WhiteTeam "United States 4 Brothers"]
[BlackTeam "Austria"]
[WhiteTeamCountry "USA"]
[BlackTeamCountry "AUT"]

1. e4 c5 2. Nf3 d6 3. c3 Nf6 4. h3 g6 5. Qc2 Bg7 6. Bc4 0-0 7. 0-0 Nc6 8. Re1 Rb8 9. b3 b5 10. Bf1 Ne8 11. Bb2 e5 12. d3 Nc7 13. Nbd2 Ne6 14. g3 f5 15. exf5 gxf5 16. Bg2 Bd7 17. Rad1 Qf6 18. Nf1 b4 19. Ne3 bxc3 20. Bxc3 Rfc8 21. Qb2 Kh8 22. Nc4 Qf8 23. Re2 Ncd4 24. Bxd4 cxd4 25. Qa3 e4 26. Ne1 d5 27. Qxf8+ Nxf8 28. Na3 Ne6 29. f3 Nc5 30. fxe4 fxe4 31. dxe4 dxe4 32. Bxe4 Bxh3 33. Bf3 Bf5 34. Nc4 Rc7 35. Ne5 Rd8 36. Nc6 Rxc6 37. Bxc6 d3 38. Re8+ Rxe8 39. Bxe8 Bd4+ 40. Kg2 Bc3 41. Bb5 d2 42. Nf3 Bc2 43. Rxd2 Bxd2 44. Nxd2 Kg7 1/2-1/2

[Event "WchT Seniors 50"]
[Site "Radebeul"]
[Date "2016.06.29"]
[Round "4.1"]
[White "Giulian, Philip Maurice"]
[Black "Denk, Adolf"]
[Result "1/2-1/2"]
[WhiteElo "2127"]
[BlackElo "2256"]
[PlyCount "69"]
[EventDate "2016.06.26"]
[EventType "team-swiss"]
[EventRounds "9"]
[EventCountry "GER"]
[SourceTitle "CBM 173 Extra"]
[Source "ChessBase"]
[SourceDate "2016.08.29"]
[SourceVersion "1"]
[SourceVersionDate "2016.08.29"]
[SourceQuality "1"]
[WhiteTeam "Scotland"]
[BlackTeam "Austria"]
[WhiteTeamCountry "SCO"]
[BlackTeamCountry "AUT"]

1. d4 Nf6 2. c4 e6 3. Nc3 Bb4 4. Qc2 c5 5. dxc5 Bxc5 6. Nf3 Nc6 7. Bf4 a6 8. e3 d5 9. cxd5 Nb4 10. Qc1 Nbxd5 11. Nxd5 Qxd5 12. Bc4 Bb4+ 13. Ke2 Qh5 14. a3 Be7 15. h3 Bd7 16. g4 Qa5 17. b4 Qa4 18. Qd1 Rc8 19. Ne5 Qxd1+ 20. Rhxd1 Ba4 21. Rdc1 0-0 22. Nd3 Rfd8 23. f3 Nd5 24. Bxd5 Rxc1 25. Rxc1 Rxd5 26. Rc8+ Rd8 27. Rxd8+ Bxd8 28. Kd2 b6 29. Be5 f6 30. Bd6 Kf7 31. h4 g6 32. e4 e5 33. Nb2 Bd7 34. Nc4 Ke6 35. Bf8 1/2-1/2

[Event "WchT Seniors 50"]
[Site "Radebeul"]
[Date "2016.06.26"]
[Round "1.1"]
[White "Denk, Adolf"]
[Black "Wilen, Eero"]
[Result "1-0"]
[WhiteElo "2256"]
[BlackElo "2061"]
[PlyCount "87"]
[EventDate "2016.06.26"]
[EventType "team-swiss"]
[EventRounds "9"]
[EventCountry "GER"]
[SourceTitle "CBM 173 Extra"]
[Source "ChessBase"]
[SourceDate "2016.08.29"]
[SourceVersion "1"]
[SourceVersionDate "2016.08.29"]
[SourceQuality "1"]
[WhiteTeam "Austria"]
[BlackTeam "Finland"]
[WhiteTeamCountry "AUT"]
[BlackTeamCountry "FIN"]

1. d4 Nf6 2. Nf3 e6 3. c4 b6 4. a3 Ba6 5. Qc2 c5 6. dxc5 Bxc5 7. e3 0-0 8. b4 Be7 9. Bb2 d5 10. Nbd2 Nbd7 11. Rc1 dxc4 12. Nxc4 Bb7 13. Bd3 Rc8 14. Qe2 Bxf3 15. gxf3 b5 16. Na5 Rxc1+ 17. Bxc1 Ne5 18. Bxb5 Qd5 19. Kf1 Rc8 20. Kg2 Nxf3 21. Qxf3 Qxb5 22. Rd1 Nd5 23. Bb2 Rc2 24. Bd4 a6 25. e4 Nf6 26. Nb3 Qg5+ 27. Kh1 h5 28. Rg1 Ng4 29. Qd1 Ra2 30. Rg2 Qf4 31. Kg1 Bd6 32. h3 Nf6 33. Bxf6 Qxf6 34. Qxd6 Rxa3 35. Nc5 Rxh3 36. e5 Qh4 37. Kf1 Qc4+ 38. Ke1 Rh1+ 39. Kd2 Qa2+ 40. Ke3 Qa3+ 41. Nd3 Re1+ 42. Kf4 Rd1 43. Qd8+ Kh7 44. Qf8 1-0

[Event "AUT-ch"]
[Site "Linz"]
[Date "2011.07.31"]
[Round "9"]
[White "Denk, Adolf"]
[Black "Leitner, Gerald"]
[Result "0-1"]
[WhiteElo "2292"]
[BlackElo "2212"]
[PlyCount "94"]
[EventDate "2011.07.23"]
[EventType "swiss"]
[EventRounds "9"]
[EventCountry "AUT"]
[SourceTitle "CBM 143 Extra"]
[Source "ChessBase"]
[SourceDate "2011.08.29"]
[SourceVersion "1"]
[SourceVersionDate "2011.08.29"]
[SourceQuality "1"]

1. c4 c6 2. e4 d5 3. exd5 cxd5 4. d4 Nf6 5. Nc3 g6 6. Nf3 Bg7 7. cxd5 Nxd5 8. Bb5+ Bd7 9. Qe2 Nxc3 10. bxc3 Qa5 11. Bxd7+ Nxd7 12. Bd2 0-0 13. 0-0 e5 14. Rfb1 Qc7 15. a4 Rfe8 16. Qb5 Rab8 17. a5 e4 18. Ne1 Nf6 19. g3 Bf8 20. Ra4 Bd6 21. Ng2 Ng4 22. Qe2 Qd7 23. Ra2 h5 24. c4 b6 25. axb6 axb6 26. Rab2 Bc7 27. Be3 Rbd8 28. Rb5 Kg7 29. d5 Ne5 30. Bd4 Kh7 31. Qxe4 Nxc4 32. Qd3 Nd6 33. R5b3 Nf5 34. Bf6 Ra8 35. R3b2 Ra5 36. Rd2 Be5 37. Bxe5 Rxe5 38. Nf4 Nd6 39. Rxb6 Re1+ 40. Kg2 Raa1 41. Nh3 Ne4 42. Rdb2 Rad1 43. Qb3 Kh6 44. Re2 Ng5 45. Nxg5 Rg1+ 46. Kf3 Qg4+ 47. Ke3 Qd4+ 0-1

[Event "AUT-ch"]
[Site "Linz"]
[Date "2011.07.30"]
[Round "8"]
[White "Kessler, Luca"]
[Black "Denk, Adolf"]
[Result "1/2-1/2"]
[WhiteElo "2188"]
[BlackElo "2292"]
[PlyCount "55"]
[EventDate "2011.07.23"]
[EventType "swiss"]
[EventRounds "9"]
[EventCountry "AUT"]
[SourceTitle "CBM 143 Extra"]
[Source "ChessBase"]
[SourceDate "2011.08.29"]
[SourceVersion "1"]
[SourceVersionDate "2011.08.29"]
[SourceQuality "1"]

1. d4 Nf6 2. c4 e6 3. Nf3 c5 4. d5 b5 5. Bg5 h6 6. Bh4 exd5 7. cxb5 g5 8. Bg3 Bg7 9. e3 d6 10. Nc3 Bb7 11. Be2 Qe7 12. 0-0 Nbd7 13. a4 0-0 14. a5 Rac8 15. Qd3 Qe6 16. Rfd1 Rfe8 17. h3 Ne5 18. Qc2 d4 19. exd4 Nxf3+ 20. Bxf3 Bxf3 21. gxf3 Nh5 22. dxc5 Qxh3 23. cxd6 Be5 24. d7 Nf4 25. dxe8Q+ Rxe8 26. Bxf4 Bxf4 27. Ne4 Bh2+ 28. Kh1 1/2-1/2

[Event "AUT-ch"]
[Site "Vienna"]
[Date "2010.07.30"]
[Round "7"]
[White "Fauland, Peter"]
[Black "Denk, Adolf"]
[Result "1-0"]
[WhiteElo "2243"]
[BlackElo "2319"]
[PlyCount "99"]
[EventDate "2010.07.24"]
[EventType "swiss"]
[EventRounds "9"]
[EventCountry "AUT"]
[SourceTitle "CBM 137 Extra"]
[Source "ChessBase"]
[SourceDate "2010.09.01"]
[SourceVersion "1"]
[SourceVersionDate "2010.09.01"]
[SourceQuality "1"]

1. d4 Nf6 2. c3 d6 3. g3 g6 4. Bg2 Bg7 5. e4 0-0 6. f4 e5 7. fxe5 dxe5 8. d5 c6 9. c4 b5 10. cxb5 cxd5 11. exd5 Bb7 12. Nc3 Nbd7 13. Nh3 h6 14. Be3 Nb6 15. 0-0 Nbxd5 16. Nxd5 Bxd5 17. Rxf6 Bxg2 18. Rd6 Bxh3 19. Rxd8 Rfxd8 20. Qf3 Be6 21. Rd1 e4 22. Rxd8+ Rxd8 23. Qxe4 Bxb2 24. Qc2 Bf6 25. Bxa7 Bg5 26. h4 Bf5 27. Qe2 Bf6 28. Bf2 h5 29. b6 Bg4 30. Qe4 Bf5 31. Qf3 Be5 32. a4 Bg4 33. Qe4 f6 34. Qxg6+ Kh8 35. Qe4 Rd1+ 36. Kg2 Be6 37. Qa8+ Kg7 38. Qa7+ Kg6 39. Be3 Bd5+ 40. Kf2 Rb1 41. Qa5 Rb2+ 42. Bd2 Bd4+ 43. Ke2 Bc4+ 44. Kf3 Bxb6 45. Qa8 Rb3+ 46. Kg2 Be6 47. Qe4+ Bf5 48. Qe8+ Kg7 49. Bh6+ Kxh6 50. Qf8+ 1-0

[Event "AUT-chT2O 0910"]
[Site "Austria"]
[Date "2010.04.17"]
[Round "10.1"]
[White "Denk, Adolf"]
[Black "Antoniewski, Rafal"]
[Result "0-1"]
[WhiteElo "2257"]
[BlackElo "2558"]
[PlyCount "74"]
[EventDate "2009.10.17"]
[EventType "team-tourn"]
[EventRounds "11"]
[EventCountry "AUT"]
[SourceTitle "EXT 2011"]
[Source "ChessBase"]
[SourceDate "2010.11.26"]
[SourceVersion "1"]
[SourceVersionDate "2010.11.26"]
[SourceQuality "1"]
[WhiteTeam "St Poelten"]
[BlackTeam "Mattersburg"]
[WhiteTeamCountry "AUT"]
[BlackTeamCountry "AUT"]

1. d4 g6 2. Nf3 Bg7 3. g3 c5 4. c4 cxd4 5. Nxd4 Nc6 6. Nc2 d6 7. Bg2 Be6 8. Ne3 Rc8 9. 0-0 Qd7 10. Nd2 Nf6 11. Rb1 0-0 12. Nd5 Bxd5 13. cxd5 Nb4 14. Qb3 Na6 15. e4 Nc5 16. Qa3 b5 17. Re1 b4 18. Qf3 Qa4 19. b3 Qxa2 20. Rb2 Qa1 21. Nc4 Nfxe4 22. Rbe2 f5 23. Ba3 Qd4 24. Bxb4 Qxd5 25. Bxc5 Qxc5 26. Qd3 d5 27. Ne3 e6 28. Rc2 Qb6 29. Rec1 Rc5 30. Rxc5 Nxc5 31. Qc2 Bd4 32. Bxd5 exd5 33. Nxd5 Qxb3 34. Ne7+ Kf7 35. Qd2 Qd3 36. Qa2+ Kxe7 37. Qxa7+ Kf6 0-1

[Event "AUT-chT2O 0910"]
[Site "Austria"]
[Date "2010.03.28"]
[Round "9.1"]
[White "Farago, Ivan"]
[Black "Denk, Adolf"]
[Result "0-1"]
[WhiteElo "2511"]
[BlackElo "2257"]
[PlyCount "86"]
[EventDate "2009.10.17"]
[EventType "team-tourn"]
[EventRounds "11"]
[EventCountry "AUT"]
[SourceTitle "EXT 2011"]
[Source "ChessBase"]
[SourceDate "2010.11.26"]
[SourceVersion "1"]
[SourceVersionDate "2010.11.26"]
[SourceQuality "1"]
[WhiteTeam "Poechlarn"]
[BlackTeam "St Poelten"]
[WhiteTeamCountry "AUT"]
[BlackTeamCountry "AUT"]

1. d4 Nf6 2. c4 e6 3. Nf3 c5 4. d5 exd5 5. cxd5 d6 6. Nc3 g6 7. Nd2 Bg7 8. e4 0-0 9. Be2 Nbd7 10. 0-0 Re8 11. a4 b6 12. Rb1 a6 13. Qc2 Nh5 14. Bxh5 gxh5 15. Nc4 Ne5 16. Ne3 Ng4 17. Nxg4 hxg4 18. Bf4 Qf6 19. Bg3 Qg6 20. f4 gxf3 21. Rxf3 Bg4 22. Rff1 Bd4+ 23. Kh1 Be5 24. Bxe5 Rxe5 25. Rf4 Bd7 26. Rbf1 Rf8 27. Rf6 Qg7 28. Qf2 b5 29. Rxd6 f5 30. Rxd7 Qxd7 31. axb5 axb5 32. Qxc5 Qe7 33. d6 fxe4 34. Re1 Qf6 35. Qg1 Qxd6 36. h3 Qe6 37. Qe3 Re8 38. b4 Qg6 39. Kh2 Rg5 40. Re2 Qd6+ 41. g3 Rge5 42. Qf4 Qxb4 43. Nxe4 Qe7 0-1